Dastoor-e-Hayat (Record no. 550267)
[ view plain ]
| 000 -LEADER | |
|---|---|
| fixed length control field | 00485nam a22001577a 4500 |
| 082 ## - DEWEY DECIMAL CLASSIFICATION NUMBER | |
| Classification number | 297.4 |
| Author Mark | NAD |
| -- | D |
| 100 ## - MAIN ENTRY--PERSONAL NAME | |
| Personal name | Molana Syed Abu Al Hassan Ali Nadvi |
| 9 (RLIN) | 46963 |
| 245 ## - TITLE STATEMENT | |
| Title | Dastoor-e-Hayat |
| Statement of responsibility, etc. | Molana Syed Abu Al Hassan Ali Nadvi |
| 260 ## - PUBLICATION, DISTRIBUTION, ETC. | |
| Place of publication, distribution, etc. | Karachi |
| Name of publisher, distributor, etc. | Majlis-e-Nashriat Islam |
| 300 ## - PHYSICAL DESCRIPTION | |
| Extent | 240 P, : |
| 526 ## - STUDY PROGRAM INFORMATION NOTE | |
| Program name | 0 |
| Interest level | 0 |
| Reading level | 0 |
| Title point value | 297_400000000000000_NAD |
| 526 ## - STUDY PROGRAM INFORMATION NOTE | |
| Program name | 0 |
| Interest level | 0 |
| Reading level | 0 |
| Title point value | 297_400000000000000_NAD |
| 526 ## - STUDY PROGRAM INFORMATION NOTE | |
| Program name | 0 |
| Interest level | 0 |
| Reading level | 0 |
| Title point value | 297_400000000000000_NAD |
| 650 ## - SUBJECT ADDED ENTRY--TOPICAL TERM | |
| Topical term or geographic name entry element | MCE |
| 9 (RLIN) | 379 |
| 942 ## - ADDED ENTRY ELEMENTS (KOHA) | |
| Source of classification or shelving scheme | |
| Koha item type | Book |
| Withdrawn status | Lost status | Source of classification or shelving scheme | Damaged status | Not for loan | Permanent Location | Current Location | Date acquired | Total Checkouts | Full call number | Barcode | Date last seen | Date last checked out | Price effective from | Koha item type |
|---|---|---|---|---|---|---|---|---|---|---|---|---|---|---|
| Military College of Engineering (MCE) | Military College of Engineering (MCE) | 10/30/2014 | 1 | 297.4 NAD | MCE-44038 | 06/04/2016 | 04/26/2016 | 10/30/2014 | Book | |||||
| Military College of Engineering (MCE) | Military College of Engineering (MCE) | 10/30/2014 | 297.4 NAD | MCE-44015 | 10/30/2014 | 10/30/2014 | Book | |||||||
| Military College of Engineering (MCE) | Military College of Engineering (MCE) | 10/30/2014 | 297.4 NAD | MCE-44030 | 10/30/2014 | 10/30/2014 | Book |
